Statistiques concernant Films avec Bourvil par image

Cliquez ici pour prendre le quiz!

Statistiques générales

  • Ce quiz a été pris 125 fois
  • Le résultat moyen est 7 sur 16

Statistiques - réponses

Réponse% Correct
La Grande Vadrouille
99%
Le Corniaud
98%
La Traversée de Paris
83%
La Cuisine au beurre
70%
Le Cerveau
60%
Le Cercle rouge
55%
Le Mur de l'Atlantique
44%
Le Jour le plus long
31%
Les Misérables
30%
Le Trou normand
24%
Les Grandes Gueules
22%
L'Arbre de Noël
14%
Cadet Rousselle
13%
Le Chanteur de Mexico
12%
Si Versailles m'était conté...
9%
Le Roi Pandore
4%

Distribution des résultats

Percentile par nombre de réponses

% des personnes avec chaque résultat

Votre développement - résultats

Vous n’avez pas pris ce quiz